Lebensmittel mit "Z" - Statistiken

Allgemein
  • Dieses Quiz wurde 218 mal gespielt
  • Das Durchschnittsergebnis liegt bei 10 aus 30
Antwortstatistiken
Lebensmittel % Korrekt
Zucker
84%
Zitrone
81%
Zimt
67%
Zander
53%
Zwiebel
53%
Zitronensaft
48%
Zwetschge
45%
Zucchini
41%
Zitroneneis
37%
Zuckerwatte
37%
Zuckerrübe
34%
Zwieback
34%
Zimtschnecke
32%
Zitronenlimonade
32%
Zwiebelkuchen
29%
Ziegenkäse
27%
Zimtstern
27%
Zuckerguss
27%
Zuckerrohr
27%
Zwiebelsuppe
25%
Zartbitterschokolade
23%
Zuckerhut
22%
Ziegenmilch
18%
Zitronengras
17%
Zunge
17%
Zuckererbse
16%
Zigeunerschnitzel
15%
Zwiebelringe
12%
Zuckermais
11%
Zitronenmelisse
8%
Keine übereinstimmenden Quizze gefunden
Verteilung der Resultate
Anzahl Personen mit jedem Resultat
Perzentil nach korrekt beantworteten Fragen
Ihre Resultats-Entwicklung
Sie haben dieses Quiz noch nicht gespielt